| 000 | 01982nam0a2200349 4500 | ||
|---|---|---|---|
| 001 | RU\NLR\bibl\1268145 | ||
| 005 | 20260405171039.0 | ||
| 010 |
_a978-5-89237-226-8 _91100 |
||
| 021 |
_aRU _b2008-52637 _92912 |
||
| 035 | _a(NLR Aleph) 001254051 | ||
| 090 |
_a337338 _c337338 |
||
| 100 | _a20080902d2008 |||y0rusy50 ca | ||
| 101 | 0 | _arus | |
| 102 | _aRU | ||
| 105 | _aa ||||||||| | ||
| 200 | 1 |
_aКультура здорового образа жизни ( теория, методика, системы ) _eучебное пособие _fГ.М. Соловьев, Н.И. Соловьева |
|
| 210 |
_aМосква _cИлекса _d2008 |
||
| 215 |
_a431 с. _cил. _d20 |
||
| 300 | _aНа 4-й с. обл. авт.: Соловьев Г.М., д.п.н., проф., засл. работник физ. культуры РФ, засл. проф. Ставроп. гос. ун-та, акад. Междунар. акад. пед. образования, Соловьева Н.И., к.п.н. | ||
| 320 | _aБиблиогр.: с. 378-382 (89 назв.) | ||
| 606 | 1 |
_aУчащиеся _jУчебные издания _xВоспитание здорового образа жизни _92445805 _3RU\NLR\auth\661454645 |
|
| 606 | 1 |
_aУчащиеся _jУчебные издания _xФизическое воспитание _92464616 _3RU\NLR\auth\661464227 |
|
| 606 | 1 |
_aЗдоровье _jУчебные издания _xВлияние образа жизни _91187547 _3RU\NLR\auth\66478790 |
|
| 686 | _aЧ313.54я7 | ||
| 686 | _aР120.4я7 | ||
| 700 | 1 |
_4070 _7ca _8rus _aСоловьев _bГ. М. _cд-р пед. наук _f1947- _gГеннадий Михайлович _97380 _3RU\NLR\auth\7724329 |
|
| 701 | 1 |
_4070 _7ca _8rus _aСоловьева _bН. И. _cканд. пед. наук _gНаталья Ивановна _955676 _3RU\NLR\auth\7772748 |
|
| 801 | 0 |
_aRU _bNLR _c20080902 _gRCR |
|
| 801 | 1 |
_aRU _bNLR _c20080902 |
|
| 942 | _cBOOK | ||
| 980 | _aNB | ||